000 01292naa a22003617a 4500
001 BR7405505
003 BR-BrBNA
005 20240918173627.0
007 ta
008 230509b bl.||||| |||| 00| 0 por d
040 _aBR-BrBNA
_bpor
_cBiblioteca Nacional de Agricultura
041 _a(Pt)
072 _aL30; L00
_b1910
_b1930
_b5214
_b9410
090 _aL30 BR7405505
100 1 _aChaves Filho, N.
100 1 _aWanderley, R.C.
100 1 _aPires, C.B.
111 1 _a11. Reuniao da Sociedade Brasileira de Zootecnia
_cFortaleza, CE (Brazil)
_d22 Jul 1974
245 1 _aEstudo comparativo entre uma pastagem nativa e o capim pangola (Digitaria decumbens)visando a producao de leite
260 3 _aFortaleza, CE (Brasil):
_c1974.
500 _aAnais da 11. Reuniao da Sociedade Brasileira de Zootecnia Fortaleza, CE (Brasil): 1974. p. 280 (BR7405505-AM)L30
650 _aNutricao animal
650 _aProducao animal
650 _aPastagem natural
650 _aCapim pangola
650 _aGado zebu
650 _aLeite
650 _aPastejo
650 _aProducao leiteira
773 0 _tAnais da 11. Reuniao da Sociedade Brasileira de Zootecnia
_wL30 BR7405505
_gFortaleza, CE (Brasil), 1974. p. 280
909 _a202404
_bLucia
_c55
_dLucia Elande
942 _cAM
_2AGRIS
999 _c305841
_d305841